00985nam a22002537a 4500003000900000008004100009040007100050082001800121100002000139245004700159260004700206300002800253505021800281650002200499650002600521650001300547700002300560700002900583700002000612700002900632700003100661700002200692700001700714AR-CdUCM190411b ||||| |||| 00| 0 spa d aMUNICIPALIDAD PROVINCIAL DEL CUSCOcBIBLIOTECA MUNICIPAL DEL CUSCO a460.7 /bB136 aBadillo, Javier aAportes para la enseñanza del lenguaje / aLima :bRetablo de Papel Ediciones,c1975. a214 páginas ;c17 cm. aContenido: Algunos aspectos negativos en la enseñanza aprendizaje de la lengua española -- Variantes regiones, su consideración en la enseñanza del castellano -- Los criterios de corrección idiomatica... aLengua española aEstudio y enseñanza aModismos aMendoza Cuba, AIda aMinaya Portella, Liliana aRamirez, Hernan aCerron Palomino, Rodolfo aCarrion Ordoñez, Enrique aOviedo, José R. aGarvin, Paul